000 00234 a2200097 4500
001 43001
100 _aTitchmarsh
245 _aMathematics for the general reader
260 _aLondon
_bHutchinson's Univ lib
_c
090 _c26877
_d26877
942 _aNUST-CAE
_cM
_c18754
999 _c278074
_d278074